SUL FILO DELLA VITA. LA STORIA DI JACQUE FESCH. (Record n. 302525)
[ formato base ]
| 000 -LEADER | |
|---|---|
| fixed length control field | 01210nam a2200229Ia 4500 |
| 001 - CONTROL NUMBER | |
| control field | L942-43559 |
| 003 - CONTROL NUMBER IDENTIFIER | |
| control field | IT-CnALBA |
| 008 - FIXED-LENGTH DATA ELEMENTS--GENERAL INFORMATION | |
| fixed length control field | 170116s9999||||xx |||||||||||||| ||und|| |
| 040 ## - CATALOGING SOURCE | |
| Original cataloging agency | IT-CnALBA |
| Transcribing agency | IT-CnALBA |
| 041 ## - LANGUAGE CODE | |
| Language code of text/sound track or separate title | ITALIANO |
| 999 ## - SYSTEM CONTROL NUMBERS (KOHA) | |
| Koha Dewey Subclass [OBSOLETE] | NO |
| 100 ## - MAIN ENTRY--PERSONAL NAME | |
| Personal name | MERLATTI GRAZIELLA |
| 245 #0 - TITLE STATEMENT | |
| Title | SUL FILO DELLA VITA. LA STORIA DI JACQUE FESCH. |
| 250 ## - EDITION STATEMENT | |
| Edition statement | 1a ed. |
| 260 ## - PUBLICATION, DISTRIBUTION, ETC. (IMPRINT) | |
| Place of publication, distribution, etc. | MILANO BOLOGNA |
| Name of publisher, distributor, etc. | ANCORA EDITRICE |
| Date of publication, distribution, etc. | 1997 [1° Ed.:1997 - Ed.Ling.Originale: 1997] |
| 300 ## - PHYSICAL DESCRIPTION | |
| Extent | 138 p. |
| 500 ## - GENERAL NOTE | |
| General note | TESIMONI DEL NOSTRO TEMPO. UNA ESISTENZA. STRASBURGO PAUSA FELICE. DESIDERIO DI FUGA. SVOLTA TRAGICA. AUTOESAME DI ESISTENZA BRADA. RADICI DELL'ANIMA. POSSIBILITÀ DI RISCATTO. MOMENTI DI FELICITÀ. PROCESSO. TESTAMENTO. VITA NON RESTITUIBILE. LETTERE. ETRN |
| 501 ## - WITH NOTE | |
| With note | Società San Paolo EM - Piazza San Paolo, 14 - 12051 ALBA (CN) (non commercial uses only) ® Copyright 2017 |
| 520 ## - SUMMARY, ETC. | |
| Summary, etc. | TESIMONI DEL NOSTRO TEMPO. UNA ESISTENZA. STRASBURGO PAUSA FELICE. DESIDERIO DI FUGA. SVOLTA TRAGICA. AUTOESAME DI ESISTENZA BRADA. RADICI DELL'ANIMA. POSSIBILITÀ DI RISCATTO. MOMENTI DI FELICITÀ. PROCESSO. TESTAMENTO. VITA NON RESTITUIBILE. LETTERE. ETRN |
| 650 ## - SUBJECT ADDED ENTRY--TOPICAL TERM | |
| Topical term or geographic name as entry element | STORIA MODERNA |
| 942 ## - ADDED ENTRY ELEMENTS (KOHA) | |
| Koha item type | LIBRO |
| 957 ## - | |
| -- | 1 |
| 999 ## - SYSTEM CONTROL NUMBERS (KOHA) | |
| -- | Copie: 1 |
| Withdrawn status | Lost status | Damaged status | Not for loan | Home library | Current library | Date acquired | Total Checkouts | Full call number | Date last seen | Price effective from | Koha item type | Public note |
|---|---|---|---|---|---|---|---|---|---|---|---|---|
| Buone Condizioni | Not For Loan | ALBA - Biblioteca | ALBA - Biblioteca | 16/01/2017 | L942-43559 | 16/01/2017 | 16/01/2017 | LIBRO | (data import: 16 gennaio 2017) - By Epidotti, Vaglietti. |